000 03167nam0a22003731 4500
001 v19\rc\1677433
005 20260406212441.0
035 _a(NLR Aleph) 004783936
090 _a4685136
_c4685136
100 _a20061002d1895 |||y0rusy50 ca
101 0 _arus
102 _aRU
105 _ay b |||||
200 1 _aКаталог книг Русского отделения Туркестанской публичной библиотеки
_e[№№ 1-5392]
_fСост. Н.В. Дмитровский
_a[Прибавление 1-е
_e№№ 5393-5732
_fСост. С. Лидский]
210 _aСанкт-Петербург
_d[1895]
215 _a[2], VI, 446, CXXIII с.
_d24
311 _aПервый дополнительный каталог книг Русского отделения публичной библиотеки: Т. 1/Сост. А. Николаева, 1905
311 _aПервый дополнительный каталог книг Русского отделения публичной библиотеки: Т. 2/Сост. И. Зыков, [1905].-Экз. РНБ (): деф.: отсутствует тит. л. и обл.
311 _aВторой дополнительный каталог книг Русского отделения публичной библиотеки/Сост. И.П. Зыков, 1907
421 0 _11010#$arus
_12001#$aПервый дополнительный каталог книг Русского отделения публичной библиотеки$eТ. 1$fСост. А. Николаева
_1210##$d1905
_1215##$a[2], 196 с.
_tПервый дополнительный каталог книг Русского отделения публичной библиотеки
421 0 _11010#$arus
_12001#$aПервый дополнительный каталог книг Русского отделения публичной библиотеки$eТ. 2$fСост. И. Зыков
_1210##$d[1905]
_1215##$a[2], 68, 83 с.
_1300##$aЭкз. РНБ (): деф.: отсутствует тит. л. и обл.
_tПервый дополнительный каталог книг Русского отделения публичной библиотеки
421 0 _11010#$arus
_12001#$aВторой дополнительный каталог книг Русского отделения публичной библиотеки$fСост. И.П. Зыков
_1210##$d1907
_1215##$a[4], 91 с.
_tВторой дополнительный каталог книг Русского отделения публичной библиотеки
532 1 1 _aПрибавление первое
702 1 _aДмитровский
_bН.В.
_gНиколай Васильевич
_4220
702 1 _aЛидский
_bС.
_4220
710 0 2 _aТуркестанская публичная б-ка
_cТашкент
_3RU\NLR\AUTH\889969837
_9435955
801 0 _aRU
_bNLR
_gpsbo
801 0 _aRU
_bRuMoRGB
_2psbo
801 1 _aRU
_bProSoft-M
_2rusmarc
852 _aNLR
_bБ
_j9420/Т-252
899 _aRuMoRGB (без прил.)
_jW 269/158
899 _aRuMoRGB (без прил.)
_jФ 1-54/4154
942 _cBOOK
980 _aNB